000 00877nam1a22002291i 4500
001 rc\4612367
005 20260408074659.0
021 _aRU
_bРг6429-63
035 _a(NLR Aleph) 008394730
090 _a9199147
_c9199147
100 _a20130416d1963 |||y0rusy50 ca
101 0 _arus
102 _aRU
105 _ay z |||||
200 1 _aОсновные показатели работы промышленности...
_fГлавмоспромстройматериалы
210 _aМосква
_cБ. и.
_d1963
215 _d14х22
710 0 2 _aМосковское главное управление промышленности строительных материалов и строительных деталей
_3RU\NLR\AUTH\8810066067
_9633759
801 0 _aRU
_bNLR
_gpsbo
801 1 _aRU
_bELAR
_2rusmarc
852 _aNLR
_jШифры разные
942 _cBOOK